000 00613nam a2200193Ia 4500
005 20250508154534.0
008 008 250505s9999 xx 000 0 eng d
037 _aTextual
040 _aFEDL
_beng
_cFEDL
041 _aeng
_2eng
084 _a371.9, LON
_qFEDL
100 _aLong Nicholas J Ed.
_9765596
245 0 _aConflict in the classroom : The education of emotionally disturbed children
260 _aBelmont
_bWadsworth Publishing Company
300 _axi,515p
700 _a Morse William C Ed. Newman Ruth G Ed.
_9765597
942 _cTEXL
_h371.9, LON
999 _c1350812
_d1350812